00850 2200325 4500001002100000005001500021035002000036007000300056040001700059043000900076100006100085245002200146250001400168300003200182020002200214041001300236082002000249084002000269264004000289336001500329337001300344338001500357650002000372850001200392990002400404990002400428990002400452990002400476990002400500INLIS00000000106916420260602084808 a0010-0626000015ta aJKPNPNAbRDA aa-io aFidelaratNYANYIAN DEN IMANtFidelaratNYANYIAN DEN IMAN aNYANYIAN DEN IMAN aCetakan I a21 Hlm :bIlustrasi ;c25cm a978-979-26-7156-8 aRDAbIND a899.221 3 FID n a899.221 3 FID n aJakarta :bANAKSALEH PRATAMA,c2008 2rdacontent 2rdamedia 2rdacarrier aFiksi Indonesia aJKPNPNA a48257/DAU PEND/2025 a48258/DAU PEND/2025 a48259/DAU PEND/2025 a48260/DAU PEND/2025 a48261/DAU PEND/2025